Studia ubezpieczeniowe

Saved in:
Bibliographic Details
Other Authors: Handschke, Jerzy
Format: Book
Language:Polish
English
Published: Poznań Wydawnictwo Uniwersytetu Ekonomicznego w Poznaniu 2009
Series:Zeszyty naukowe 127
Subjects:
Tags: Add Tag
No Tags, Be the first to tag this record!

MARC

LEADER 00000nam$a2200000$$$4500
001 0107976
005 20230120083411.4
020 |a 978-83-7417-419-0 
022 |a 1689-7374 
041 0 |a pol 
041 0 |a eng 
044 |a PL 
245 1 0 |a Studia ubezpieczeniowe  |c redaktor naukowy Jerzy Handschke 
264 1 |a Poznań  |b Wydawnictwo Uniwersytetu Ekonomicznego w Poznaniu  |c 2009 
300 |a 772 s. 
490 1 |a Zeszyty naukowe  |v 127 
830 0 |a Zeszyty naukowe  |v 127 
610 2 0 |a poistenie 
610 2 0 |a riziko 
610 2 0 |a Európska únia 
610 2 0 |a financovanie 
610 2 0 |a investovanie 
610 2 0 |a situácia hospodárska 
610 2 0 |a právo európske 
610 2 0 |a trh finančný 
610 2 0 |a Poľsko 
700 1 |a Handschke, Jerzy